History of Albania 🇦🇱 - Statistics

General Stats
  • This quiz has been taken 69 times
  • The average score is 13 of 25
Answer Stats
Hint Answer % Correct
Under rule of the above, most of Albania converted to this religion Islam
78%
Empire that conquered Albania a decade after the death of the above Ottoman Empire
78%
Religion that Rome brought after its conquest of Albania Christianity
76%
Albania embraced this ideology following the above's retreat in 1944 Communism
75%
Ancient people that had inhabited Albania since 2000 BC Illyrians
75%
Albania allied with this country that invaded Albania in 1939 Italy
75%
Country that replaced the above in occupying Albania in 1943 Germany
73%
Albania built 750,000 of these structures for fear of nuclear attack Bunkers
71%
Albania was poised to merge with this neighbor but regretted in 1948 Yugoslavia
69%
Former schoolteacher who led Albania from 1944 to his death in 1985 Enver Hoxha
67%
Albania became part of this successor state to Rome Byzantine Empire
65%
Upon independence, Albania lost control of this northeastern region Kosovo
63%
Albania sided with this country against the above, receiving economic aid Soviet Union
61%
Country that conquered Albania in the 14th century Serbia
53%
Policy change of the above country led to Albania leaving this organization in 1968 Warsaw Pact
53%
King of Albania from 1928 to 1939 whose reforms brought brief tranquility Zog I
53%
General who united Albania, installed national identity and impeded invasion Skanderbeg
51%
Albania's later alliance with this country broke when it became friendly with the US China
45%
Queen of the above whose pirate raids antagonized Rome Queen Teuta
43%
Albanian brigand who became pasha of Janina in 1788 Ali Paşa Tepelenë
33%
Prime minister who declared Albanian independence on 28 November 1912 Ismail Qemali
27%
Seaport that Albania granted as a naval base to the above country Vlorë
18%
Orthodox bishop who briefly served as prime minister in 1924 Fan S. Noli
16%
Period of civil unrest in 1997, after which Sali Berisha stepped down as president Albanian Civil War
6%
Late 12th century ruler who established an independent Albanian state Progon
4%
No matching quizzes found
Score Distribution
Percent of People with Each Score
Percentile by Number Answered
Your Score History
You have not taken this quiz